Представление документа в формате RUSMARC

ПолеНазваниеЗначение
  Тип записи a
  Библиографический уровень m
001 Контрольный номер RU/CBS_UL/BASE/3b9563cf558e4f62b586ce695c24e195
005 Дата корректировки 20260114101022.3
010 Индекс ISBN __
a ISBN 978-5-00250-400-8
d Цена 676 р. 25 к.
9 Тираж 4 000 экз.
100 Данные общей обработки __
a Данные общей обработки 20161017d2016 ||| 0rusy0189 ca
101 Язык документа 0_
a Язык текста rus
102 Страна публикации __
a Страна публикации RU
105 Кодированные данные (монография) __
a Кодированные данные (монография) y###||||000|y
200 Заглавие и сведения об ответственности 1_
a Заглавие Сказки народов Поволжья
g Последующие сведения об ответственности под ред. Н. Нестеровой
210 Выходные данные 1_
a Место издания Москва
c Издательство МИФ
d Дата издания 2025
215 Физическое описание __
a Объем 285, [1] с.
c Иллюстрации/тип воспроизводства ил.
d Формат 19,5 см.
225 Серия 2_
a Серия Сказки и сказания регионов России
300 Общие примечания __
a Общие примечания 16+
606 Тематические рубрики 0_
a Основная рубрика Фольклор народов России - Сказки
610 Ключевые слова 0_
a Ключевые слова сказки народные
a Ключевые слова сказки народов Поволжья
a Ключевые слова фольклор народов
a Ключевые слова сказки о животных
a Ключевые слова сказки бытовые
a Ключевые слова мудрость
a Ключевые слова волшебство
686 Индексы других классификаций __
a Классификационный индекс 82.3(2Рос)
2 Код системы ББК
801 Источник записи _0
a Страна RU
b Организация МБУК ЦБС
c Дата составления 20161017
g Правила каталогизации RCR
801 Источник записи _1
a Страна RU
b Организация МБУК ЦБС г. Ульяновска
c Дата составления 20161017
g Правила каталогизации RCR
899 Данные о местонахождении __
i Авторский знак С 42
j Расстановочный фильтр 82.3(2Рос)
900 Электронные ресурсы __
a Имя электронного ресурса сказки нар пов миф
901 Тип документа __
t Тип документа m